000 00445nam a22001817a 4500
003 LK-CoDNM
005 20250116115331.0
008 250116b |||||||| |||| 00| 0 eng d
040 _aLK-CoDNM
_dLK-CoDNM
_eLK-CoDNM
041 _aeng
080 _a10
_bE41
100 _aPescott R.T.M.
245 _aCollections Of A Century
260 _bmuseum Of Victoryia
_c1954
300 _ax, 186p. : ill , 24 cm
650 _aScience
942 _cBK
999 _c236494
_d236494